[Event "Pardubice Czech op-A 29th"]
[Site "Pardubice"]
[Date "2018.07.26"]
[Round "7"]
[White "Popov, Mikhail"]
[Black "Bracker, Arne"]
[Result "1-0"]
[WhiteElo "2404"]
[BlackElo "2224"]
[PlyCount "114"]
[EventDate "2018.07.20"]
[EventType "swiss"]
[EventRounds "9"]
[EventCountry "CZE"]
[SourceTitle "CBM 185 Extra"]
[Source "ChessBase"]
[SourceDate "2018.07.29"]
[SourceVersion "1"]
[SourceVersionDate "2018.07.29"]
[SourceQuality "1"]

1. d4 Nf6 2. Bg5 e6 3. e4 h6 4. Bxf6 Qxf6 5. c3 d6 6. Bc4 e5 7. Ne2 g5 8. Nd2 Nc6 9. Nf1 exd4 10. cxd4 Bg7 11. Ne3 0-0 12. Nd5 Qd8 13. 0-0 Ne7 14. f4 Nxd5 15. Bxd5 c6 16. Bb3 Bg4 17. Kh1 Qe7 18. Qd3 Bxe2 19. Qxe2 Bxd4 20. Rad1 c5 21. Rd3 Kg7 22. Rh3 f6 23. Bc2 Rae8 24. e5 f5 25. Qh5 Rh8 26. Bxf5 Qf7 27. Qg4 dxe5 28. fxg5 h5 29. Qe4 Re7 30. Rhf3 Qe8 31. Qd5 Qc6 32. Qxc6 bxc6 33. Be4 Rhe8 34. b3 a5 35. Rf6 Re6 36. Rf7+ Kg8 37. g3 R8e7 38. Rf8+ Kg7 39. Kg2 Ra7 40. h4 c4 41. bxc4 Bc5 42. R8f6 Rxf6 43. gxf6+ Kf7 44. Bxc6 Ra6 45. Bd5+ Kg6 46. f7 Rf6 47. Bf3 Kh6 48. Bd5 Rxf1 49. Kxf1 Kg6 50. Ke2 Kf5 51. Bf3 Kg6 52. Kd3 Kxf7 53. Bxh5+ Ke7 54. Bg6 Bf2 55. h5 Bxg3 56. h6 Kf6 57. h7 Kg7 1-0

[Event "Pardubice Czech op-A 29th"]
[Site "Pardubice"]
[Date "2018.07.25"]
[Round "6"]
[White "Kratochvil, Vit"]
[Black "Popov, Mikhail"]
[Result "1/2-1/2"]
[WhiteElo "2233"]
[BlackElo "2404"]
[PlyCount "100"]
[EventDate "2018.07.20"]
[EventType "swiss"]
[EventRounds "9"]
[EventCountry "CZE"]
[SourceTitle "CBM 185 Extra"]
[Source "ChessBase"]
[SourceDate "2018.07.29"]
[SourceVersion "1"]
[SourceVersionDate "2018.07.29"]
[SourceQuality "1"]

1. e4 g6 2. d4 Bg7 3. Nc3 d6 4. Be3 a6 5. a4 Nf6 6. h3 0-0 7. f4 e5 8. dxe5 dxe5 9. Nf3 exf4 10. Qxd8 Rxd8 11. Bxf4 Re8 12. Bd3 c6 13. 0-0 Nbd7 14. Bd6 h6 15. Rae1 Nf8 16. e5 Nd5 17. Nxd5 cxd5 18. c3 Bd7 19. a5 Rac8 20. Nd4 Ne6 21. Re2 h5 22. Ref2 Nd8 23. Re2 Nc6 24. Nxc6 Rxc6 25. Ref2 Be6 26. Bc2 Rc4 27. Bb3 Re4 28. Bc2 Re3 29. Bc5 Rg3 30. Bd4 Bh6 31. Kh2 h4 32. Re2 Bd7 33. Ref2 Bb5 34. Rd1 Bg7 35. Bb3 Bc6 36. Rf4 Bxe5 37. Bxe5 Rxe5 38. Rxh4 Reg5 39. Rg4 R3xg4 40. hxg4 Re5 41. Rd2 Kf8 42. Kg3 Ke7 43. Kf2 Kf6 44. Rd4 Kg5 45. Bc2 Bb5 46. Bd1 Kf6 47. b3 Ke6 48. Bf3 Bc6 49. Be2 Ke7 50. Bf3 Ke6 1/2-1/2